Sports Quiz

Random Sports or MLB Quiz

MLB League Leaders (2008) Quiz Stats

 Plays Quiz Updated Dec 11, 2018

     
Support Sporcle.
Go Orange.
Score 0/28 Timer 06:00
6 Plays Today
Category Leader % Correct
AL SAVESFrancisco Rodriguez
79.1%
NL HOME RUNSRyan Howard
76.7%
NL RUNS BATTED INRyan Howard
76.7%
AL HITSIchiro Suzuki & Dustin Pedroia
75.4%
AL WINSCliff Lee
58%
AL ERACliff Lee
58%
NL RUNSHanley Ramirez
54.9%
NL STRIKEOUTSTim Lincecum
54.7%
AL BATTING AVERAGEJoe Mauer
50.7%
AL RUNSDustin Pedroia
50.7%
AL INNINGS PITCHEDRoy Halladay
48%
NL INNINGS PITCHEDJohan Santana
46.3%
NL ERAJohan Santana
46.3%
NL HITSJose Reyes
46%
Category Leader % Correct
NL BATTING AVERAGEChipper Jones
43.3%
NL WINSBrandon Webb
31.6%
AL RUNS BATTED INJosh Hamilton
31.5%
AL HOME RUNSMiguel Cabrera
30.9%
NL HITTER K'SMark Reynolds
28.6%
NL ERRORSMark Reynolds
28.6%
AL STOLEN BASESJacoby Ellsbury
25.2%
AL LOSSESJustin Verlander
22.3%
AL STRIKEOUTSA.J. Burnett
16.9%
NL LOSSESBarry Zito & Aaron Harang
15.6%
NL STOLEN BASESWilly Taveras
14.1%
NL SAVESJose Valverde
12.6%
AL HITTER K'SJack Cust
7.2%
AL ERRORSYuniesky Betancourt
2.9%

From the Vault

NBA 30+ Point Season Openers Since 2000

by alidarjarok

Sports 10m
These players know how to start a season the right way.
Remove Ads.
Support Sporcle.
Get the best of Sporcle when you Go Orange. This ad-free experience offers more features, more stats, and more fun while also helping to support Sporcle. Thank you for becoming a member.

Show Comments

Extras

Top Quizzes Today


Score Distribution

Your Account Isn't Verified!

In order to create a playlist on Sporcle, you need to verify the email address you used during registration. Go to your Sporcle Settings to finish the process.

Report this User

Report this user for behavior that violates our Community Guidelines.

Details: